00399nam a2200145Ia 4500008004100000020001500041041000800056082001700064100005100081245005600132250000600188260003300194300000800227650001800235210716s2002 xx 000 0 und d a8174462570 aeng a005.133 SINA aSinghal, Er Alok; Mishra, Adhir; Bhutani, K K. aProgramming and problem solving through c language. a1 aNew DelhibExcel Booksc2002 a276 aC Programming